000 00380cam a2200145ua 4500
041 _aeng
_h
082 _a823.308
_bSWI/GU
100 _aSwift, Dean .
245 _aGullivers travel into Lilliput and Brobdingnag /
_cDean Swift.
_hTextual Documents
260 _aLondon :
_bE J Arnold & Son Ltd ,
_c1965.
300 _a96 ; .
504 _a
942 _cBK
999 _c8893
_d8893